| 000 | 00760nam a22001817a 4500 | ||
|---|---|---|---|
| 999 |
_c14987 _d14987 |
||
| 003 | OSt | ||
| 082 | _2631.56 CHI/DE | ||
| 088 | _aT 198 | ||
| 100 |
_aCHIKKANNA G.S _93567 |
||
| 245 | _aDevelopment and evaluation of a convective type dryer for nutmeg mace (Myristica fragrans houtt) | ||
| 260 |
_aTavanur 2008 _bDepartment of Post-Harvest Technology and Agricultural Processing |
||
| 300 | _a70 | ||
| 500 | _aDevelopment and evaluation of a convective type dryer for nutmeg mace (Myristica fragrans houtt) | ||
| 520 | _aDevelopment and evaluation of a convective type dryer for nutmeg mace (Myristica fragrans houtt) | ||
| 700 |
_aEr. Prince M.V (Guide) _93375 |
||
| 856 | _uhttps://drive.google.com/open?id=1JDHPogLTGzm7-FHBE9EKyEFevq4wQGdQ | ||
| 942 | _cTH | ||